[Event "PokerStars Masters 2nd"]
[Site "Douglas"]
[Date "2015.10.03"]
[Round "1.49"]
[White "Leutwyler, Martin"]
[Black "Daulyte, Deimante"]
[Result "1-0"]
[WhiteElo "2156"]
[BlackElo "2392"]
[PlyCount "45"]
[EventDate "2015.10.03"]
[EventType "swiss"]
[EventRounds "9"]
[EventCountry "IOM"]
[SourceTitle "twic1065-1099"]
[Source "Mark Crowther"]
[SourceDate "2015.12.04"]
[SourceVersion "1"]
[SourceVersionDate "2015.12.04"]
[SourceQuality "1"]

1. d4 Nf6 2. Nf3 e6 3. Bf4 d5 4. e3 Bd6 5. Bg3 Ne4 6. Nbd2 Nxg3 7. hxg3 Nd7 8.
e4 dxe4 9. Nxe4 Be7 10. Bd3 b6 11. Bb5 Bb7 12. Ne5 Bxe4 13. Bxd7+ Kf8 14. Qh5
g6 15. Qh6+ Kg8 16. Qf4 Bf5 17. g4 Bf6 18. Bc6 Bg5 19. Qg3 Qxd4 20. Bxa8 Bf4
21. Qc3 Qxc3+ 22. bxc3 Bxe5 23. O-O-O 1-0

[Event "PokerStars Masters 2nd"]
[Site "Douglas"]
[Date "2015.10.03"]
[Round "1.50"]
[White "Dragnev, Valentin"]
[Black "Cafolla, Peter"]
[Result "1-0"]
[WhiteElo "2380"]
[BlackElo "2067"]
[PlyCount "77"]
[EventDate "2015.10.03"]
[EventType "swiss"]
[EventRounds "9"]
[EventCountry "IOM"]
[SourceTitle "twic1065-1099"]
[Source "Mark Crowther"]
[SourceDate "2015.12.04"]
[SourceVersion "1"]
[SourceVersionDate "2015.12.04"]
[SourceQuality "1"]

1. e4 e5 2. Nf3 Nc6 3. Bb5 a6 4. Ba4 Nf6 5. O-O Be7 6. d3 b5 7. Bb3 d6 8. a4
Rb8 9. axb5 axb5 10. Nc3 O-O 11. h3 Qe8 12. Re1 Nd7 13. Nd5 Bd8 14. c3 Kh8 15.
d4 Ne7 16. Ne3 c5 17. h4 Bb7 18. Bc2 Bc7 19. b3 Nf6 20. d5 Bc8 21. Nh2 Bd7 22.
g4 g6 23. Kh1 Qc8 24. Rg1 Bb6 25. Qf3 Neg8 26. Qg3 h5 27. Nf5 Bc7 28. Bg5 hxg4
29. Nxg4 Nh5 30. Qf3 f6 31. Bd2 Rf7 32. Ngh6 Nxh6 33. Nxh6 Rg7 34. Rxg6 Rxg6
35. Qxh5 Kg7 36. Nf5+ Bxf5 37. exf5 Qh8 38. Qxg6+ Kf8 39. Bh6+ 1-0

[Event "PokerStars Masters 2nd"]
[Site "Douglas"]
[Date "2015.10.03"]
[Round "1.51"]
[White "Fox, Anthony"]
[Black "L'Ami, Alina"]
[Result "0-1"]
[WhiteElo "2031"]
[BlackElo "2369"]
[PlyCount "90"]
[EventDate "2015.10.03"]
[EventType "swiss"]
[EventRounds "9"]
[EventCountry "IOM"]
[SourceTitle "twic1065-1099"]
[Source "Mark Crowther"]
[SourceDate "2015.12.04"]
[SourceVersion "1"]
[SourceVersionDate "2015.12.04"]
[SourceQuality "1"]

1. e4 c5 2. Nc3 a6 3. a4 Nc6 4. g3 e6 5. Bg2 Nf6 6. d3 Be7 7. f4 d5 8. e5 Nd7
9. Nf3 b6 10. O-O Bb7 11. Qe2 Qc7 12. Nd1 O-O-O 13. c3 Na5 14. Qc2 h5 15. h4 g6
16. Nf2 Nb8 17. Bd2 c4 18. dxc4 dxc4 19. Be3 Nb3 20. Ra2 Bc5 21. Qe2 Rd7 22.
Kh2 Rhd8 23. Bxc5 Qxc5 24. Ne4 Bxe4 25. Qxe4 Rd5 26. Ra3 Nc6 27. Rxb3 cxb3 28.
Ng5 R8d7 29. Qe2 Rd3 30. Nxf7 Qe3 31. Qxe3 Rxe3 32. Nd6+ Kc7 33. Ne8+ Kd8 34.
Bxc6 Rd2+ 35. Kh1 Rxg3 36. Nd6 Rxb2 37. Rd1 Kc7 38. Be4 Rxc3 39. Ne8+ Kc8 40.
Nd6+ Kb8 41. Bxg6 Rh3+ 42. Kg1 Rg3+ 43. Kf1 Rxg6 44. Nc4 Rc2 45. Ne3 Rh2 0-1

[Event "PokerStars Masters 2nd"]
[Site "Douglas"]
[Date "2015.10.03"]
[Round "1.52"]
[White "Zumsande, Martin"]
[Black "Johnson, Paul A"]
[Result "1-0"]
[WhiteElo "2422"]
[BlackElo "1882"]
[PlyCount "99"]
[EventDate "2015.10.03"]
[EventType "swiss"]
[EventRounds "9"]
[EventCountry "IOM"]
[SourceTitle "twic1065-1099"]
[Source "Mark Crowther"]
[SourceDate "2015.12.04"]
[SourceVersion "1"]
[SourceVersionDate "2015.12.04"]
[SourceQuality "1"]

1. e4 e5 2. Nf3 Nc6 3. d4 exd4 4. Nxd4 Nf6 5. Nxc6 bxc6 6. e5 Ne4 7. Nd2 Nxd2
8. Bxd2 Bc5 9. Qg4 g6 10. Qg3 d5 11. Bd3 a5 12. O-O O-O 13. Kh1 f5 14. exf6
Qxf6 15. Bc3 Qf4 16. Qxf4 Rxf4 17. f3 Rf8 18. Be5 Bd6 19. Rae1 Bd7 20. c4 Bxe5
21. Rxe5 Rae8 22. Rfe1 Rxe5 23. Rxe5 Re8 24. Rxe8+ Bxe8 25. Kg1 Kf7 26. Kf2 Ke6
27. Ke3 Kd6 28. Kf4 h6 29. h4 Ke6 30. c5 Kf6 31. Ke3 Bd7 32. Kd4 Bf5 33. Ba6 h5
34. Bb7 Bd7 35. a4 Ke7 36. Ke5 Kf7 37. Ba8 Ke7 38. Bb7 Kf7 39. g4 Ke7 40. gxh5
gxh5 41. f4 Kf7 42. f5 Ke7 43. Ba6 Be8 44. f6+ Kd7 45. Bd3 Bf7 46. Bf5+ Ke8 47.
Kd4 Kf8 48. b4 axb4 49. a5 b3 50. a6 1-0

[Event "PokerStars Masters 2nd"]
[Site "Douglas"]
[Date "2015.10.04"]
[Round "2.5"]
[White "Sundararajan, Kidambi"]
[Black "Naiditsch, Arkadij"]
[Result "1/2-1/2"]
[WhiteElo "2497"]
[BlackElo "2682"]
[PlyCount "145"]
[EventDate "2015.10.03"]
[EventType "swiss"]
[EventRounds "9"]
[EventCountry "IOM"]
[SourceTitle "twic1065-1099"]
[Source "Mark Crowther"]
[SourceDate "2015.12.04"]
[SourceVersion "1"]
[SourceVersionDate "2015.12.04"]
[SourceQuality "1"]

1. Nf3 Nf6 2. g3 g6 3. b3 d5 4. Bb2 c5 5. c4 d4 6. b4 Nc6 7. b5 Na5 8. d3 b6 9.
Bg2 Bb7 10. O-O Bh6 11. Nbd2 a6 12. a4 Bxd2 13. Nxd2 Bxg2 14. Kxg2 O-O 15. Nf3
Qd6 16. e3 axb5 17. axb5 dxe3 18. fxe3 Rad8 19. Ne5 Nd7 20. Ng4 f6 21. Bc3 h5
22. Nf2 Ne5 23. Qc2 Kg7 24. Rad1 Qc7 25. Bxe5 Qxe5 26. Rfe1 Qe6 27. Qe2 Rd7 28.
Qf3 Rfd8 29. Qe2 Qe5 30. Qc2 Qc7 31. Qe2 Qb7+ 32. Qf3 Qxf3+ 33. Kxf3 f5 34. Ke2
e5 35. h4 e4 36. dxe4 Nxc4 37. Rxd7+ Rxd7 38. exf5 gxf5 39. Rc1 Na3 40. Rc3 Ra7
41. Nd3 Nb1 42. Rb3 Ra2+ 43. Rb2 Nc3+ 44. Kf3 Ra3 45. Ne5 Ra4 46. Nd7 Rb4 47.
Rxb4 cxb4 48. Nxb6 b3 49. Nc4 Nxb5 50. Nd2 b2 51. e4 Kg6 52. Kf4 fxe4 53. Kxe4
Nc3+ 54. Kf4 Nd5+ 55. Ke4 Nf6+ 56. Kf4 Ng4 57. Ke4 Kf6 58. Kd3 Kf5 59. Kc2 Nf2
60. Kxb2 Kg4 61. Nf1 Kf3 62. Kc2 Ng4 63. Kd3 Kf2 64. Nd2 Kxg3 65. Ke2 Kxh4 66.
Ne4 Kh3 67. Kf3 Ne5+ 68. Kf4 Nd3+ 69. Ke3 Nc1 70. Kf3 Nb3 71. Nf2+ Kh2 72. Ng4+
hxg4+ 73. Kxg4 1/2-1/2

[Event "PokerStars Masters 2nd"]
[Site "Douglas"]
[Date "2015.10.04"]
[Round "2.6"]
[White "Tarjan, James Edward"]
[Black "Sargissian, Gabriel"]
[Result "0-1"]
[WhiteElo "2479"]
[BlackElo "2679"]
[PlyCount "80"]
[EventDate "2015.10.03"]
[EventType "swiss"]
[EventRounds "9"]
[EventCountry "IOM"]
[SourceTitle "twic1065-1099"]
[Source "Mark Crowther"]
[SourceDate "2015.12.04"]
[SourceVersion "1"]
[SourceVersionDate "2015.12.04"]
[SourceQuality "1"]

1. Nf3 Nf6 2. g3 d5 3. Bg2 c6 4. O-O Bg4 5. c4 e6 6. cxd5 exd5 7. d3 Bc5 8. Nc3
O-O 9. Qc2 Nbd7 10. e4 dxe4 11. dxe4 Re8 12. Bf4 Bxf3 13. Bxf3 Ne5 14. Bg2 Qd3
15. Qb3 Qc4 16. Qxc4 Nxc4 17. b3 Nb2 18. Bg5 Rad8 19. Rab1 Nd3 20. Bxf6 gxf6
21. Nd1 f5 22. exf5 Re2 23. Nc3 Rxf2 24. Rxf2 Nxf2 25. Na4 Bd4 26. Kf1 Ng4 27.
Bh3 h5 28. Bxg4 hxg4 29. Ke2 Kg7 30. Nb2 Kf6 31. Nc4 Kxf5 32. Rf1+ Ke6 33. Rf4
f5 34. Ne3 Bxe3 35. Kxe3 Rd1 36. Rb4 b5 37. Rf4 c5 38. Rf2 c4 39. bxc4 bxc4 40.
Rb2 Rd3+ 0-1

[Event "PokerStars Masters 2nd"]
[Site "Douglas"]
[Date "2015.10.04"]
[Round "2.7"]
[White "Short, Nigel D"]
[Black "Nakar, Eylon"]
[Result "1-0"]
[WhiteElo "2678"]
[BlackElo "2463"]
[PlyCount "51"]
[EventDate "2015.10.03"]
[EventType "swiss"]
[EventRounds "9"]
[EventCountry "IOM"]
[SourceTitle "twic1065-1099"]
[Source "Mark Crowther"]
[SourceDate "2015.12.04"]
[SourceVersion "1"]
[SourceVersionDate "2015.12.04"]
[SourceQuality "1"]

1. e4 e6 2. d4 d5 3. Nc3 Bb4 4. e5 c5 5. Bd2 Ne7 6. Nb5 Bxd2+ 7. Qxd2 O-O 8. c3
Bd7 9. dxc5 Bxb5 10. Bxb5 Qa5 11. Bd3 Nd7 12. b4 Qc7 13. f4 Rfc8 14. Nf3 b6 15.
Ba6 Rcb8 16. c6 Nxc6 17. a4 Rd8 18. O-O Ndb8 19. Bd3 a5 20. Bxh7+ Kxh7 21. Ng5+
Kg8 22. Qd3 Kf8 23. Qh7 Ne7 24. Qh8+ Ng8 25. f5 Qxe5 26. Rae1 1-0

[Event "PokerStars Masters 2nd"]
[Site "Douglas"]
[Date "2015.10.04"]
[Round "2.8"]
[White "Granda Zuniga, Julio E"]
[Black "Cherniaev, Alexander"]
[Result "1-0"]
[WhiteElo "2667"]
[BlackElo "2458"]
[PlyCount "147"]
[EventDate "2015.10.03"]
[EventType "swiss"]
[EventRounds "9"]
[EventCountry "IOM"]
[SourceTitle "twic1065-1099"]
[Source "Mark Crowther"]
[SourceDate "2015.12.04"]
[SourceVersion "1"]
[SourceVersionDate "2015.12.04"]
[SourceQuality "1"]

1. d4 d6 2. e4 Nf6 3. Nc3 e5 4. Nf3 Nbd7 5. g3 c6 6. Bg2 b5 7. O-O Bb7 8. Re1
a6 9. b3 Qc7 10. Bb2 Be7 11. Nb1 O-O 12. Nbd2 Rfe8 13. c4 Bf8 14. Rc1 Qb8 15.
Qc2 g6 16. d5 b4 17. Re2 a5 18. Ne1 Qa7 19. Nd3 Nc5 20. Nxc5 Qxc5 21. Nf3 h5
22. Rf1 Bc8 23. Qd1 Bg4 24. Bc1 cxd5 25. cxd5 Rec8 26. h3 Bd7 27. Be3 Qc3 28.
Ne1 Qc7 29. f3 Bb5 30. Rc2 Qd8 31. Rff2 h4 32. g4 Nh7 33. Bf1 Bd7 34. Rxc8 Rxc8
35. Rc2 Be7 36. Rxc8 Qxc8 37. Qc2 Qb8 38. Qc4 Bd8 39. Qa6 Nf6 40. Ng2 Qc7 41.
Qa7 Qxa7 42. Bxa7 Ne8 43. Ne3 Kf8 44. Nc4 Ke7 45. Be3 f6 46. g5 f5 47. Bf2 fxe4
48. fxe4 Nc7 49. Bxh4 Nb5 50. Be1 Nc3 51. a3 Nxe4 52. axb4 axb4 53. h4 Nc3 54.
Bd3 Be8 55. Bxc3 bxc3 56. Be4 Bf7 57. Na3 Bb6+ 58. Kg2 Be3 59. Nc2 Bf4 60. Kf3
Kd7 61. Kg4 Kc7 62. h5 gxh5+ 63. Kh4 Kb6 64. g6 Be8 65. Kxh5 Kc5 66. Kg4 Bxg6
67. Bxg6 Kxd5 68. Bf7+ Kc5 69. b4+ Kc6 70. Kf5 d5 71. Ke6 d4 72. Bg6 Kb5 73.
Kd5 Ka4 74. Kc4 1-0

[Event "PokerStars Masters 2nd"]
[Site "Douglas"]
[Date "2015.10.04"]
[Round "2.9"]
[White "Neelotpal, Das"]
[Black "Movsesian, Sergei"]
[Result "0-1"]
[WhiteElo "2465"]
[BlackElo "2658"]
[PlyCount "132"]
[EventDate "2015.10.03"]
[EventType "swiss"]
[EventRounds "9"]
[EventCountry "IOM"]
[SourceTitle "twic1065-1099"]
[Source "Mark Crowther"]
[SourceDate "2015.12.04"]
[SourceVersion "1"]
[SourceVersionDate "2015.12.04"]
[SourceQuality "1"]

1. e4 c5 2. Nf3 e6 3. d4 cxd4 4. Nxd4 Nc6 5. Nc3 a6 6. Nxc6 bxc6 7. Bd3 d5 8.
O-O Nf6 9. Re1 Be7 10. e5 Nd7 11. Qg4 Kf8 12. Na4 c5 13. b3 Bb7 14. c4 d4 15.
Nb2 h5 16. Qg3 h4 17. Qf4 Kg8 18. Be4 Qc7 19. Nd3 g6 20. Bd2 Rb8 21. Qf3 Kg7
22. Ba5 Qc8 23. h3 Rh5 24. Bxb7 Qxb7 25. Qxb7 Rxb7 26. Rab1 Nb8 27. Bd2 Nc6 28.
a3 Rh8 29. Rb2 a5 30. f4 Rhb8 31. Reb1 f6 32. Be1 fxe5 33. Nxe5 Nxe5 34. fxe5
Bg5 35. Bxa5 Be3+ 36. Kh1 Ra8 37. Be1 Rxa3 38. Bxh4 d3 39. Bf2 Bxf2 40. Rxf2
Raxb3 41. Rd1 Rd7 42. Rf3 Rd4 43. Kh2 g5 44. Rg3 Kh6 45. Rf3 Rxc4 46. Rdxd3
Rxd3 47. Rxd3 Re4 48. Rd6 Rxe5 49. Rc6 Kg6 50. Kg3 Kf6 51. h4 gxh4+ 52. Kxh4
Ke7 53. g4 Kd7 54. Ra6 c4 55. g5 c3 56. Ra7+ Kd6 57. Ra6+ Kd5 58. Ra1 Re2 59.
Kg3 Rb2 60. g6 Kc4 61. Ra6 e5 62. Kf3 Rb7 63. Ke4 Re7 64. Rc6+ Kb3 65. Rb6+ Kc2
66. Rf6 Kb2 0-1

[Event "PokerStars Masters 2nd"]
[Site "Douglas"]
[Date "2015.10.04"]
[Round "2.10"]
[White "Lampert, Jonas"]
[Black "Grandelius, Nils"]
[Result "0-1"]
[WhiteElo "2461"]
[BlackElo "2647"]
[PlyCount "114"]
[EventDate "2015.10.03"]
[EventType "swiss"]
[EventRounds "9"]
[EventCountry "IOM"]
[SourceTitle "twic1065-1099"]
[Source "Mark Crowther"]
[SourceDate "2015.12.04"]
[SourceVersion "1"]
[SourceVersionDate "2015.12.04"]
[SourceQuality "1"]

1. e4 e5 2. Nf3 Nc6 3. Bb5 a6 4. Ba4 Nf6 5. O-O Be7 6. Re1 b5 7. Bb3 d6 8. c3
O-O 9. h3 Na5 10. Bc2 c5 11. d4 Qc7 12. Nbd2 Bd7 13. Nf1 Nc4 14. b3 Nb6 15. d5
Rfc8 16. Ne3 c4 17. Bd2 a5 18. bxc4 Nxc4 19. Nxc4 Qxc4 20. Qb1 Bd8 21. Bd3 Qc5
22. Qd1 a4 23. Qe2 Ba5 24. Rab1 Rab8 25. Rec1 Qa3 26. Bxb5 Qxa2 27. c4 Bxb5 28.
cxb5 Rxc1+ 29. Rxc1 Qb2 30. Kf1 Bxd2 31. Qxd2 Qxb5+ 32. Kg1 Nxe4 33. Qc2 Qc5
34. Rb1 Rxb1+ 35. Qxb1 Qxf2+ 36. Kh2 f5 37. Qb8+ Kf7 38. Qc8 Qg3+ 39. Kg1 Qg6
40. Nh4 Qf6 41. Nxf5 h6 42. Qd7+ Kg8 43. Qe8+ Kh7 44. Ne7 Qf2+ 45. Kh2 Qg3+ 46.
Kh1 Qe1+ 47. Kh2 Qg3+ 48. Kh1 Nf6 49. Qxa4 e4 50. Qa1 Qd3 51. Qe1 Nxd5 52. Nf5
e3 53. Ng3 Nf4 54. Nf1 e2 55. Nd2 Qe3 56. Qb1+ Nd3 57. Nf3 e1=Q+ 0-1

[Event "PokerStars Masters 2nd"]
[Site "Douglas"]
[Date "2015.10.04"]
[Round "2.11"]
[White "Kuzubov, Yuriy"]
[Black "Pert, Richard G"]
[Result "1-0"]
[WhiteElo "2641"]
[BlackElo "2450"]
[PlyCount "79"]
[EventDate "2015.10.03"]
[EventType "swiss"]
[EventRounds "9"]
[EventCountry "IOM"]
[SourceTitle "twic1065-1099"]
[Source "Mark Crowther"]
[SourceDate "2015.12.04"]
[SourceVersion "1"]
[SourceVersionDate "2015.12.04"]
[SourceQuality "1"]

1. c4 e6 2. Nf3 d5 3. b3 Be7 4. Bb2 Bf6 5. Nc3 c5 6. cxd5 exd5 7. d4 cxd4 8.
Nxd4 Nc6 9. Nxc6 bxc6 10. e3 Ne7 11. Bd3 Bf5 12. O-O O-O 13. Rc1 Bg6 14. Na4
Bxb2 15. Nxb2 Qd6 16. Rc3 Qf6 17. Qc2 Rfd8 18. Bxg6 hxg6 19. Rc5 Rd6 20. Nd3
Rad8 21. Ra5 Re6 22. Rxa7 d4 23. Nc5 dxe3 24. fxe3 Nf5 25. Nxe6 Qxe6 26. Qf2
Rd3 27. Re1 Qd6 28. Qf4 Qd8 29. Qc4 Rd1 30. Rxd1 Qxd1+ 31. Kf2 Qd2+ 32. Qe2 Qd6
33. g3 Qd5 34. Kg1 Qc5 35. Ra8+ Kh7 36. Re8 Nd6 37. Rd8 Qe5 38. Qd3 Qa1+ 39.
Qf1 Qe5 40. Qh3+ 1-0

[Event "PokerStars Masters 2nd"]
[Site "Douglas"]
[Date "2015.10.04"]
[Round "2.12"]
[White "Paehtz, Elisabeth"]
[Black "Jones, Gawain C"]
[Result "1/2-1/2"]
[WhiteElo "2447"]
[BlackElo "2623"]
[PlyCount "36"]
[EventDate "2015.10.03"]
[EventType "swiss"]
[EventRounds "9"]
[EventCountry "IOM"]
[SourceTitle "twic1065-1099"]
[Source "Mark Crowther"]
[SourceDate "2015.12.04"]
[SourceVersion "1"]
[SourceVersionDate "2015.12.04"]
[SourceQuality "1"]

1. d4 Nf6 2. c4 g6 3. Nf3 Bg7 4. g3 b6 5. Nc3 Bb7 6. d5 e6 7. Bg2 O-O 8. O-O
exd5 9. cxd5 Re8 10. Nd4 c5 11. Ndb5 d6 12. Bf4 Bf8 13. a4 Na6 14. e4 Nb4 15.
Bg5 Bg7 16. Bf4 Bf8 17. Bg5 Bg7 18. Bf4 Bf8 1/2-1/2

[Event "PokerStars Masters 2nd"]
[Site "Douglas"]
[Date "2015.10.04"]
[Round "2.13"]
[White "Melkumyan, Hrant"]
[Black "Tan, Justin"]
[Result "1/2-1/2"]
[WhiteElo "2622"]
[BlackElo "2445"]
[PlyCount "131"]
[EventDate "2015.10.03"]
[EventType "swiss"]
[EventRounds "9"]
[EventCountry "IOM"]
[SourceTitle "twic1065-1099"]
[Source "Mark Crowther"]
[SourceDate "2015.12.04"]
[SourceVersion "1"]
[SourceVersionDate "2015.12.04"]
[SourceQuality "1"]

1. Nf3 d5 2. d4 Nf6 3. c4 c6 4. e3 Bg4 5. h3 Bxf3 6. Qxf3 e6 7. Bd3 Nbd7 8. Nc3
g6 9. cxd5 cxd5 10. O-O Bg7 11. Bd2 O-O 12. Rac1 Rc8 13. Rc2 Nb6 14. Rfc1 Qd7
15. b3 a6 16. a4 Rc6 17. a5 Nc8 18. Na4 Rxc2 19. Rxc2 Qe7 20. Qd1 Nd6 21. Bb4
Rd8 22. Nb6 Nfe8 23. Qc1 Bf8 24. Bc5 Qh4 25. b4 Nf6 26. Na4 g5 27. Bxd6 Bxd6
28. Nc5 Rb8 29. Bf1 Qh6 30. g3 Qg7 31. Nxb7 Rxb7 32. Rc8+ Bf8 33. b5 axb5 34.
Qc6 Re7 35. Qc5 Re8 36. Rxe8 Nxe8 37. Qb6 Qf6 38. a6 Nd6 39. Bd3 Qe7 40. Qb8
Ne8 41. a7 Nc7 42. Bxb5 Kg7 43. Kg2 Qd6 44. Be2 Qc6 45. Bb5 Qd6 46. Qb7 Qd8 47.
Bd7 Bd6 48. Kf1 Qf6 49. Kg2 Qd8 50. Kg1 Qf6 51. Qb6 Qe7 52. Bc6 Qf8 53. Kg2 Qe7
54. Bb7 Qf8 55. Qb2 Qe7 56. Bc6 Qf6 57. Qb8 Qe7 58. Ba4 Qf8 59. Qb6 Na8 60. Qc6
Qd8 61. Qb7 Nb6 62. Bc6 Qc7 63. Kf3 Qxb7 64. Bxb7 Kf6 65. Bc6 Bb4 66. Ke2
1/2-1/2

[Event "PokerStars Masters 2nd"]
[Site "Douglas"]
[Date "2015.10.04"]
[Round "2.14"]
[White "Swayams, Mishra"]
[Black "L'Ami, Erwin"]
[Result "1/2-1/2"]
[WhiteElo "2444"]
[BlackElo "2619"]
[PlyCount "119"]
[EventDate "2015.10.03"]
[EventType "swiss"]
[EventRounds "9"]
[EventCountry "IOM"]
[SourceTitle "twic1065-1099"]
[Source "Mark Crowther"]
[SourceDate "2015.12.04"]
[SourceVersion "1"]
[SourceVersionDate "2015.12.04"]
[SourceQuality "1"]

1. d4 Nf6 2. c4 e6 3. Nc3 Bb4 4. e3 O-O 5. Nge2 d5 6. a3 Be7 7. cxd5 exd5 8.
Nf4 c6 9. Bd3 Na6 10. O-O Nc7 11. Bc2 Ne6 12. Nxe6 Bxe6 13. f3 Qd7 14. Qd3 Rfd8
15. Bd2 g6 16. Be1 Ne8 17. Bf2 Bf6 18. Rad1 Nd6 19. b3 Rac8 20. e4 Nb5 21. Nxb5
cxb5 22. Bb1 Be7 23. e5 Rc7 24. Qd2 Rdc8 25. Be1 Bxa3 26. Qa5 Rc1 27. Bf2 Rxd1
28. Rxd1 Qe7 29. Qxb5 a6 30. Qb6 Qb4 31. Qxb4 Bxb4 32. Be3 Rc3 33. Rd3 b5 34.
Rxc3 Bxc3 35. Kf1 a5 36. Ke2 b4 37. g4 Bd7 38. Bc2 Kg7 39. h3 h5 40. Kf2 f6 41.
exf6+ Kxf6 42. Ke2 Bb5+ 43. Kf2 Kf7 44. f4 hxg4 45. hxg4 a4 46. bxa4 Bc4 47.
Bb1 b3 48. Kf3 Kg7 49. Bf2 b2 50. Ke3 Bb3 51. Kd3 Bb4 52. Be3 Bxa4 53. Bd2 Ba3
54. Kc3 Bd1 55. g5 Ba4 56. f5 gxf5 57. Bxf5 Be8 58. Kb3 Bg6 59. Kxa3 Bxf5 60.
Kxb2 1/2-1/2

[Event "PokerStars Masters 2nd"]
[Site "Douglas"]
[Date "2015.10.04"]
[Round "2.15"]
[White "Tiviakov, Sergei"]
[Black "Hamitevici, Vladimir"]
[Result "0-1"]
[WhiteElo "2612"]
[BlackElo "2439"]
[PlyCount "76"]
[EventDate "2015.10.03"]
[EventType "swiss"]
[EventRounds "9"]
[EventCountry "IOM"]
[SourceTitle "twic1065-1099"]
[Source "Mark Crowther"]
[SourceDate "2015.12.04"]
[SourceVersion "1"]
[SourceVersionDate "2015.12.04"]
[SourceQuality "1"]

1. e4 e5 2. Bc4 Nf6 3. d3 Nc6 4. Nf3 Bc5 5. c3 a6 6. Bb3 d6 7. h3 h6 8. Nbd2
O-O 9. Nf1 d5 10. Qe2 a5 11. a4 Be6 12. Bc2 d4 13. Ng3 Re8 14. O-O Bf8 15. Bd2
Nd7 16. cxd4 exd4 17. Qd1 Nc5 18. Ne2 g5 19. Nc1 f5 20. exf5 Bxf5 21. Nb3 Ne6
22. Re1 Qf6 23. Nh2 Bd6 24. Qf3 Rf8 25. Re2 Kh7 26. Rae1 Nf4 27. Bxf4 Bxf4 28.
g3 Bd6 29. Nd2 Qg6 30. Ne4 Bb4 31. Rc1 Bxh3 32. Qh1 Ne5 33. Bd1 c6 34. Nc5 Rae8
35. Nxb7 Nxd3 36. Rxc6 Qf5 37. Rc7+ Rf7 38. g4 Rxe2 0-1

[Event "PokerStars Masters 2nd"]
[Site "Douglas"]
[Date "2015.10.04"]
[Round "2.16"]
[White "Williams, Simon Kim"]
[Black "Sengupta, Deep"]
[Result "1/2-1/2"]
[WhiteElo "2429"]
[BlackElo "2580"]
[PlyCount "116"]
[EventDate "2015.10.03"]
[EventType "swiss"]
[EventRounds "9"]
[EventCountry "IOM"]
[SourceTitle "twic1065-1099"]
[Source "Mark Crowther"]
[SourceDate "2015.12.04"]
[SourceVersion "1"]
[SourceVersionDate "2015.12.04"]
[SourceQuality "1"]

1. d4 Nf6 2. c4 e6 3. Nf3 b6 4. g3 Bb4+ 5. Nbd2 Bb7 6. Bg2 O-O 7. O-O a5 8. Nb1
Be7 9. Re1 Na6 10. Ne5 Bxg2 11. Kxg2 d6 12. Nc6 Qd7 13. Qa4 Nb4 14. Nxe7+ Qxe7
15. a3 c5 16. dxc5 bxc5 17. Nc3 Qb7+ 18. f3 Nc6 19. Nb5 Rfd8 20. Rd1 Ne8 21.
Bg5 Rd7 22. Rd2 Nd4 23. Nxd4 cxd4 24. Rxd4 Qxb2 25. Qxd7 Qxd4 26. Qc6 Qxa1 27.
Qxa8 Kf8 28. Qxa5 Qa2 29. Kf2 Qxc4 30. Qa8 Qd4+ 31. Be3 Qd1 32. Qe4 Nf6 33.
Qa8+ Ne8 34. Qe4 Nf6 35. Qc6 Ke7 36. Qc7+ Kf8 37. Bg5 Qd4+ 38. Kg2 Ke8 39. Qc6+
Kf8 40. Qc8+ Ke7 41. Qc7+ Ke8 42. Qb8+ Ke7 43. Qb7+ Kf8 44. Qb5 Qd5 45. Qxd5
Nxd5 46. e4 Nb6 47. Kf2 Ke8 48. Ke2 Nc4 49. Bc1 Kd7 50. f4 Kc6 51. Kd3 Kc5 52.
Kc3 f5 53. exf5 exf5 54. Kd3 g6 55. Be3+ Kd5 56. Bc1 Kc5 57. Be3+ Kd5 58. Bc1
Kc5 1/2-1/2

[Event "PokerStars Masters 2nd"]
[Site "Douglas"]
[Date "2015.10.04"]
[Round "2.17"]
[White "Donchenko, Alexander"]
[Black "Basso, Pier Luigi"]
[Result "1/2-1/2"]
[WhiteElo "2577"]
[BlackElo "2428"]
[PlyCount "102"]
[EventDate "2015.10.03"]
[EventType "swiss"]
[EventRounds "9"]
[EventCountry "IOM"]
[SourceTitle "twic1065-1099"]
[Source "Mark Crowther"]
[SourceDate "2015.12.04"]
[SourceVersion "1"]
[SourceVersionDate "2015.12.04"]
[SourceQuality "1"]

1. d4 d5 2. c4 c6 3. Nf3 Nf6 4. Nc3 e6 5. Bg5 Nbd7 6. e3 Qa5 7. cxd5 Nxd5 8.
Qd2 Bb4 9. Rc1 h6 10. Bh4 b6 11. a3 Bxc3 12. bxc3 c5 13. c4 Qxd2+ 14. Nxd2 Ne7
15. f3 Ba6 16. Be2 cxd4 17. exd4 Nf5 18. Bf2 Rc8 19. g4 Nd6 20. c5 Bxe2 21.
Kxe2 bxc5 22. dxc5 Nb5 23. a4 Nc7 24. c6 Ne5 25. Bg3 Ng6 26. Ne4 O-O 27. Nd6
Ra8 28. Nb5 Nd5 29. Rhd1 Rfc8 30. c7 Nge7 31. Bd6 a6 32. Bxe7 axb5 33. Rxd5
exd5 34. axb5 Ra2+ 35. Kd3 Rb2 36. Rc5 f6 37. Kd4 Kf7 38. Bd8 Ke6 39. Rc6+ Kd7
40. Kc5 Ra8 41. Kb6 Rba2 42. Rc5 Kc8 43. Rxd5 R8a7 44. h4 Rb7+ 45. Kc6 Rb2 46.
Rf5 Rb3 47. Rc5 Rb2 48. f4 Rb1 49. g5 fxg5 50. hxg5 hxg5 51. fxg5 g6 1/2-1/2

[Event "PokerStars Masters 2nd"]
[Site "Douglas"]
[Date "2015.10.04"]
[Round "2.19"]
[White "Brunello, Sabino"]
[Black "Dragnev, Valentin"]
[Result "1-0"]
[WhiteElo "2553"]
[BlackElo "2380"]
[PlyCount "83"]
[EventDate "2015.10.03"]
[EventType "swiss"]
[EventRounds "9"]
[EventCountry "IOM"]
[SourceTitle "twic1065-1099"]
[Source "Mark Crowther"]
[SourceDate "2015.12.04"]
[SourceVersion "1"]
[SourceVersionDate "2015.12.04"]
[SourceQuality "1"]

1. d4 Nf6 2. c4 g6 3. Nc3 d5 4. cxd5 Nxd5 5. e4 Nxc3 6. bxc3 Bg7 7. Be3 c5 8.
Qd2 Qa5 9. Nf3 Nc6 10. Rb1 a6 11. Rc1 f5 12. Bd3 cxd4 13. Nxd4 Ne5 14. O-O Nxd3
15. Qxd3 e5 16. Nb3 Qc7 17. Bc5 Be6 18. c4 Rd8 19. Qc3 b6 20. Ba3 Kf7 21. Nd2
Bf6 22. Bb2 f4 23. Nf3 Kg7 24. Qa3 Bc8 25. c5 b5 26. Rfd1 Rxd1+ 27. Rxd1 Rd8
28. Rd6 Rxd6 29. cxd6 Qc2 30. h3 Qxe4 31. Bxe5 Bxe5 32. d7 b4 33. dxc8=Q bxa3
34. Qd7+ Kh6 35. Qe7 Qb1+ 36. Kh2 Bb8 37. Qf8+ Kh5 38. Qg7 h6 39. Qe7 g5 40.
Qe8+ Qg6 41. Qxb8 Qf7 42. Qa8 1-0

[Event "PokerStars Masters 2nd"]
[Site "Douglas"]
[Date "2015.10.04"]
[Round "2.20"]
[White "L'Ami, Alina"]
[Black "Van Foreest, Jorden"]
[Result "0-1"]
[WhiteElo "2369"]
[BlackElo "2548"]
[PlyCount "90"]
[EventDate "2015.10.03"]
[EventType "swiss"]
[EventRounds "9"]
[EventCountry "IOM"]
[SourceTitle "twic1065-1099"]
[Source "Mark Crowther"]
[SourceDate "2015.12.04"]
[SourceVersion "1"]
[SourceVersionDate "2015.12.04"]
[SourceQuality "1"]

1. d4 Nf6 2. c4 e6 3. Nc3 Bb4 4. Qc2 b6 5. Bg5 Bb7 6. a3 Bxc3+ 7. Qxc3 h6 8.
Bh4 g5 9. Bg3 Ne4 10. Qc2 h5 11. e3 d6 12. f3 Nxg3 13. hxg3 Nd7 14. Bd3 Qe7 15.
Ne2 O-O-O 16. b4 c5 17. e4 cxd4 18. Nxd4 Qf6 19. Qc3 Nc5 20. Bc2 Nd7 21. O-O-O
Kb8 22. Kb2 Ne5 23. Bb3 Rc8 24. Nb5 d5 25. Nd6 Rc7 26. exd5 Bxd5 27. c5 Bxb3
28. Kxb3 bxc5 29. bxc5 Ka8 30. Ka2 Nd7 31. Qxf6 Nxf6 32. Rc1 Nd5 33. c6 a6 34.
Rc5 h4 35. gxh4 gxh4 36. Rc4 Rd8 37. Nb7 Rg8 38. Rhxh4 Rxg2+ 39. Ka1 Ka7 40.
Nd6 Rd2 41. Ne8 Rc8 42. Nd6 Rg8 43. Rhg4 Rh8 44. Rh4 Rxh4 45. Rxh4 Nc3 0-1